Cebu Pilots Association; number of pilots authorized thereof; C.A.O. No. 143, amended.

Bibliographic Details
Corporate Author: Philippines. Bureau of Customs
Format: Government Document eBook
Language:English
Published: Manila, Philippines : [publisher not identified], 1922.
Series:Philippine Customs Admin. Order No. 144
Subjects:
Online Access:Connect to the full text of this electronic document

MARC

Tag First Indicator Second Indicator Subfields
LEADER 00000cam a22000001a 4500
001 in00003769613
005 20190409171217.0
006 m o d f
007 cr bn mmmapmmp
008 040322s1922 ph o f000 0 eng d
035 |a ebd1910707393 
040 |a UMI  |c UMI  |d UtOrBLW 
086 0 |a W 49.10/10:144 
099 |a W49.10-22.144 
245 0 0 |a Cebu Pilots Association; number of pilots authorized thereof; C.A.O. No. 143, amended. 
264 1 |a Manila, Philippines :  |b [publisher not identified],  |c 1922. 
300 |a 1 online resource (1 pages) 
336 |a text  |b txt  |2 rdacontent 
337 |a computer  |b c  |2 rdamedia 
338 |a online resource  |b cr  |2 rdacarrier 
490 0 |a Philippine Customs Admin. Order No. 144 
500 |a [on Philippine pilotage rules]. 
500 |a Record is based on bibliographic data in ProQuest U.S. Executive Branch Documents, 1910-1932. Reuse except for individual research requires license from ProQuest, LLC. 
533 |a Electronic reproduction.  |b [Bethesda, Md.] :  |c ProQuest,  |d 2012.  |e digital, PDF file.  |n ProQuest U.S. Executive Branch Documents, 1910-1932.  |n Mode of access: World Wide Web via ProQuest website. 
538 |a System requirements: PDF reader software. 
500 |a Electronic resource. 
610 1 0 |a Philippines.  |b Bureau of Customs.  |0 http://id.loc.gov/authorities/names/n85214888 
650 0 |a Associations, institutions, etc.  |0 http://id.loc.gov/authorities/subjects/sh85008810 
650 0 |a Merchant marine  |x Safety measures.  |0 http://id.loc.gov/authorities/subjects/sh85083763 
651 0 |a Cebu City (Philippines)  |0 http://id.loc.gov/authorities/names/n82242501 
655 7 |a Electronic books.  |2 local 
710 1 |a Philippines.  |b Bureau of Customs.  |0 http://id.loc.gov/authorities/names/n85214888 
776 1 8 |i Microfiche version:  |t Cebu Pilots Association; number of pilots authorized thereof; C.A.O. No. 143, amended  |o CIS US Exec MF W49.10-22.144  |w (ProQuest)cis19175661 
856 4 0 |u http://proxy.library.tamu.edu/login?url=http://congressional.proquest.com/congressional/docview/t66.d71.w49.10-22.144  |z Connect to the full text of this electronic document  |t 0 
999 f f |s d1b40a3c-8669-315f-8efd-f41ba355723a  |i 6515728a-9952-3a47-876b-83379c2ec0f3  |t 0 
952 f f |a Texas A&M University  |b College Station  |c Electronic Resources  |d Available Online  |t 0  |h No information provided 
998 f f |t 0  |l Available Online